Κατάλογος Βιβλιοθηκών Mediterranean College

ΔΙΕΘΝΕΙΣ ΟΙΚΟΝΟΜΙΚΕΣ ΣΧΕΣΕΙΣ / ΑΠΟ ΤΗΝ ΑΝΟΙΧΤΗ ΟΙΚΟΝΟΜΙΑ ΣΤΗΝ ΠΑΓΚΟΣΜΟΙΟΠΟΙΗΣΗ (Record no. 4829)

MARC details
000 -LEADER
fixed length control field 01078cam a22002174a 4500
005 - ΗΜΕΡΟΜΗΝΙΑ ΚΑΙ ΩΡΑ ΤΕΛΕΥΤΑΙΑΣ ΕΝΗΜΕΡΩΣΗΣ
Πεδίο ελέγχου 20250605164155.0
008 - FIXED-LENGTH DATA ELEMENTS--GENERAL INFORMATION
Πεδίο ελέγχου σταθερού μήκους 250528s ||||||||||||||||||||||||d
035 ## - SYSTEM CONTROL NUMBER
System control number 19573
020 ## - ISBN
ISBN 9608065542
040 ## - ΠΗΓΗ ΚΑΤΑΛΟΓΟΓΡΑΦΗΣΗΣ
Φορέας πρωτότυπης καταλογογράφησης MC Athens Campus Library
Γλώσσα καταλογογράφησης Ελληνικά, Μοντέρνα (1453-)
Modifying agency MC Athens Campus Library
Κανόνες περιγραφικής καταλογογράφησης AACR2
245 1# - ΤΙΤΛΟΣ ΚΑΙ ΔΗΛΩΣΗ ΥΠΕΥΘΥΝΟΤΗΤΑΣ
Τίτλος ΔΙΕΘΝΕΙΣ ΟΙΚΟΝΟΜΙΚΕΣ ΣΧΕΣΕΙΣ / ΑΠΟ ΤΗΝ ΑΝΟΙΧΤΗ ΟΙΚΟΝΟΜΙΑ ΣΤΗΝ ΠΑΓΚΟΣΜΟΙΟΠΟΙΗΣΗ
250 ## - EDITION STATEMENT
Edition statement 1
260 ## - PUBLICATION, DISTRIBUTION, ETC.
Name of publisher, distributor, etc. Ζυγός,
Date of publication, distribution, etc. 2006
300 ## - PHYSICAL DESCRIPTION
Extent 400
505 0# - FORMATTED CONTENTS NOTE
Formatted contents note ΘΕΩΡΙΑ ΤΟΥ ΔΙΕΘΝΟΥΣ ΕΜΠΟΡΙΟΥ Η ΔΙΑΔΙΚΑΣΙΑ ΤΗΣ ΠΑΓΚΟΣΜΟΙΟΠΟΙΗΣΗΣ ΞΕΝΕΣ ΕΠΕΝΔΥΣΕΙΣ, ΠΕΤΡΕΛΑΙΚΗ ΚΡΙΣΗ ΚΑΙ ΟΙ ΑΣΙΑΤΙΚΕΣ ΤΙΓΡΕΙΣ
520 ## - SUMMARY, ETC.
Summary, etc. ΘΕΩΡΙΑ ΤΟΥ ΔΙΕΘΝΟΥΣ ΕΜΠΟΡΙΟΥ Η ΔΙΑΔΙΚΑΣΙΑ ΤΗΣ ΠΑΓΚΟΣΜΟΙΟΠΟΙΗΣΗΣ ΞΕΝΕΣ ΕΠΕΝΔΥΣΕΙΣ, ΠΕΤΡΕΛΑΙΚΗ ΚΡΙΣΗ ΚΑΙ ΟΙ ΑΣΙΑΤΙΚΕΣ ΤΙΓΡΕΙΣ
700 1# - ΠΡΟΣΘΕΤΗ ΑΝΑΓΡΑΦΗ--ΦΥΣΙΚΟ ΠΡΟΣΩΠΟ
Personal name Μαρδας Δημητρης
9 (RLIN) 5629
942 ## - ADDED ENTRY ELEMENTS (KOHA)
Koha item type Books
Holdings
Τύπος τεκμηρίου Βιβλιοθήκη Τρέχουσα τοποθεσία Barcode Αριθμός εισαγωγής Ημερομηνία απόκτησης Ταξιθετικό σύμβολο Αριθμός αντιτύπου Κατάσταση απόσυρσης Κατάσταση χαμένου Κατάσταση κατεστραμμένου Μη δανεισμός Σύνολο δανεισμών Ημερομηνία τελευταίας εμφάνισης Η τιμή ισχύει από
Books MC Thessaloniki Campus Library MC Thessaloniki Campus Library 9780000048288 1505 05/06/2025 337 ΜΑΡ 1           05/06/2025 05/06/2025

MC Athens Campus Library
Πατησίων 94 & Κοδριγκτώνος 13, 104 34
Πελλήνης 8 & Πατησίων 107, 112 51
Τ: +30 210 8899600

MC Thessaloniki Campus Library
Ίωνος Δραγούμη 21, 54625 | Ίωνος Δραγούμη 15, 54625
Τ: +30 2310 287779 – Τ: +30 2314 440300